000 00591nam a22002177a 4500
003 UA-OsUOA
001 74998
007 ta
008 20110427b un ||||| |||| 00| 0 ukr d
100 _aБулган Д.
090 _a908
_bБ90
942 _cSA
040 _aUA-OsUOA
_bukr
_cUA-OsUOA
_dUA-OsUOA
245 _aКаштан подарував "Острозькій академії" Першокнигу за 10 тисяч доларів
300 _aС.2
955 _a0
041 _aukr
080 _a908
773 0 _w74997
650 7 _a908 Краєзнавство
_2UDC
999 _c361294
_d361294